Flags of Questionable Design - Statistics

General Stats
  • This quiz has been taken 37 times
  • The average score is 2 of 12
Answer Stats
Picture Hint Answer % Correct
Empire in Star Wars First {Galactic} Empire
88%
Empire in Star Trek {Klingon} Empire
41%
American labor union United Farm {Workers}
38%
Italian neo-fascist movement Casa{Pound}
6%
Radical Islamist party Janat {Pakistan} Party
6%
Country in Tintin comics Borduria
3%
Former neo-Nazi political party {Free} German Workers' Party
3%
Flags hoisted off this type of vehicle Heer
3%
Former battalion flag of this country Hungary
3%
Italian neo-fascist political party New Force
3%
Proposed Pakistani region Sindhudesh
0%
Iranian neo-Nazi political party SUMKA
0%
No matching quizzes found
Score Distribution
Percent of People with Each Score
Percentile by Number Answered
Your Score History
You have not taken this quiz